| Tag |
First Indicator |
Second Indicator |
Subfields |
| LEADER |
00000cam a2200000 a 4500 |
| 001 |
in00005504513 |
| 006 |
m o d |
| 007 |
cr cn ---uuauu |
| 008 |
130206s2013 nyua fob 000 0 eng d |
| 005 |
20241008175927.5 |
| 010 |
|
|
|z 2012020919
|
| 020 |
|
|
|a 9780071750370
|
| 035 |
|
|
|a (Sirsi) a377153
|
| 035 |
|
|
|a ccn00377153
|
| 050 |
|
4 |
|a TA418.74
|b .R635 2012
|
| 082 |
0 |
4 |
|a 620.1/1223
|2 23
|
| 100 |
1 |
|
|a Roberge, Pierre R.
|
| 245 |
1 |
0 |
|a Handbook of corrosion engineering /
|c Pierre R. Roberge.
|
| 250 |
|
|
|a 2nd ed.
|
| 260 |
|
|
|a New York :
|b McGraw-Hill,
|c c2013.
|
| 300 |
|
|
|a 1 online resource(x, 1078 pages) :
|b illustrations.
|
| 336 |
|
|
|a text
|b txt
|2 rdacontent
|
| 337 |
|
|
|a computer
|b c
|2 rdamedia
|
| 338 |
|
|
|a online resource
|b cr
|2 rdacarrier
|
| 490 |
1 |
|
|a McGraw-Hill's AccessEngineering
|
| 500 |
|
|
|a Print version c2012.
|
| 504 |
|
|
|a Includes bibliographical references.
|
| 505 |
0 |
|
|a Introduction -- Environments -- High-temperature corrosion -- Modeling, life prediction, and computer applications -- Corrosion failures -- Corrosion maintenance through inspection and monitoring -- Corrosion testing -- Engineering materials: selection and design considerations -- Protective coatings -- Corrosion inhibitors -- Cathodic protection -- Anodic protection.
|
| 530 |
|
|
|a Also issued in printing.
|
| 588 |
|
|
|a Description based on cover image and table of contents, viewed on Feb. 6, 2013.
|
| 650 |
|
0 |
|a Corrosion and anti-corrosives.
|
| 650 |
|
0 |
|a Protective coatings.
|
| 650 |
|
0 |
|a Corrosion and anti-corrosives
|x Computer simulation.
|
| 650 |
|
0 |
|a Heat resistant materials
|x Corrosion.
|
| 650 |
|
0 |
|a Corrosion resistant materials.
|
| 650 |
|
0 |
|a Corrosion and anti-corrosives
|x Monitoring.
|
| 650 |
|
0 |
|a Corrosion and anti-corrosives
|x Testing.
|
| 650 |
|
0 |
|a Cathodic protection.
|
| 650 |
|
0 |
|a Corrosion and anti-corrosives
|x Anodic oxidation.
|
| 655 |
|
7 |
|a Electronic books.
|2 local
|
| 655 |
|
0 |
|a Internet resources.
|
| 710 |
2 |
|
|a McGraw-Hill Companies.
|
| 830 |
|
0 |
|a McGraw-Hill's AccessEngineering.
|
| 856 |
4 |
0 |
|u http://proxy.library.tamu.edu/login?url=https://www.accessengineeringlibrary.com/content/book/9780071750370
|z Connect to the full text of this electronic book
|t 0
|
| 949 |
|
|
|a TA 418.74 .R635 2012
|w LC
|c 1
|i 377153-1001
|d 2/6/2013
|l MAIN
|m MGH
|q 2
|r Y
|s Y
|t WEB
|u 2/6/2013
|x ENG
|
| 997 |
|
|
|a (c)2013 Cassidy Cataloguing Services, Inc.
|
| 999 |
f |
f |
|s 2a16df7e-fca9-4414-a6e5-6e796aca064b
|i ba546aca-abdc-4cd1-8b83-91c4c2818f88
|t 0
|
| 952 |
f |
f |
|a Texas A&M University
|b College Station
|c Electronic Resources
|d Available Online
|t 0
|e TA418.74 .R635 2012
|h Library of Congress classification
|
| 998 |
f |
f |
|a TA418.74 .R635 2012
|t 0
|l Available Online
|